RICS members targeted by fraudsters (Record no. 69988)

MARC details
000 -LEADER
fixed length control field 01073cam a2200217 4500
001 - CONTROL NUMBER
control field WB3814-23
008 - FIXED-LENGTH DATA ELEMENTS--GENERAL INFORMATION
fixed length control field 020416n2002 000 0 eng u
035 ## - SYSTEM CONTROL NUMBER
System control number (Sirsi) u117510
245 ## - TITLE STATEMENT
Title RICS members targeted by fraudsters
260 ## - PUBLICATION, DISTRIBUTION, ETC.
Date of publication, distribution, etc. 2002
490 ## - SERIES STATEMENT
Series statement RICS Press Release
Volume/sequential designation 12 April 2002
520 ## - SUMMARY, ETC.
Summary, etc. National Criminal Intelligence Service have warned that RICS members arebeing targeted by fraudsters promising large cash payouts in return for a small upfront investment. The scam is often connected with real estate ventures or currency conversions when an offer is made to transfer millions of pounds into the individual's bank account. At least one RICS member has already been affected by this fraud and has lost thousands of pounds. For RICS News Release: http://www.rics.org/ricscms/bin/show?class=News&template=/includes/shownews.html&id=2259
590 ## - LOCAL NOTE (RLIN)
Local note WB
650 ## - SUBJECT ADDED ENTRY--TOPICAL TERM
Topical term or geographic name entry element RICS MEMBERSHIP
650 ## - SUBJECT ADDED ENTRY--TOPICAL TERM
Topical term or geographic name entry element FRAUD
650 ## - SUBJECT ADDED ENTRY--TOPICAL TERM
Topical term or geographic name entry element CORRUPTION
650 ## - SUBJECT ADDED ENTRY--TOPICAL TERM
Topical term or geographic name entry element POLICE
650 ## - SUBJECT ADDED ENTRY--TOPICAL TERM
Topical term or geographic name entry element NATIONAL CRIMINAL INTELLIGENCE SERVICE
690 ## - LOCAL SUBJECT ADDED ENTRY--TOPICAL TERM (OCLC, RLIN)
Topical term or geographic name as entry element RICS NEWS
942 ## - ADDED ENTRY ELEMENTS (KOHA)
Suppress in OPAC 0
Holdings
Withdrawn status Lost status Source of classification or shelving scheme Damaged status Not for loan Home library Current library Shelving location Date acquired Total Checkouts Full call number Barcode Date last seen Copy number Price effective from Koha item type
    Dewey Decimal Classification     London London News article 16/04/2002   WB3814-23 117510-1001 06/08/2019 1 06/08/2019 News article